01730nam a22003137a 4500003000900000005001700009007000300026008004100029020001800070040002500088082001000113110011100123245019700234260007800431300005200509504002700561505038300588650007700971650006801048650004701116650003001163700003501193700003501228700002801263700003101291700003101322710004201353710002101395DO-SdBNP20250320105109.0ta210419e2020 dr aod|gr||||o00| 0 spa d a9789945923513 aDO-SdBNPbspacBNPHU 4bR426g1 aRepública Dominicana :bMinisterio de Medio Ambiente y Recursos NaturaleseDirección de Viodiversidad.10aGuía metodológica para la restauración de ecosistemas degradados y paisajes en la República Dominicana. / cAdolfo José Lopez Belando; Fotografías: José Manuel Matos,...[et. al.] aSanto Domingo :bMinisterio de Medio Ambiente y Recursos Naturales,c2020 a84 p. :bil., fotografías, diagramas ;c22 cm aBibiografíasp .62-671 aPresentación-- tI- Introducción--tII - Marco conceptual de la restauración ecológica --tIII - Marco internacional de la restauración ecológica --tIV - Marco nacional de la restauración ecológica --tV - Modelo de restauración ecológica del Ministerio de Medio Ambiente en la República Dominicana --tVI - Referencias Bibliográficas --tVII - Anexos. 7aConservación del medio ambiente xGuíazRepública Dominicana2LEMB 4aProtección del medio ambientexGuíazRepública Dominicana 4aEcosistemaxGuíazRepública Dominicana 4aGestion AmbientalxGuía1 aLópez Belando, Adolfo José1 aMatos, José Manuel efotogr.1 aPeña, Juana efotogr.1 aMarcelino, Elvis efotogr.1 aFranco, Fátima efotogr.2 aFondo para el Desarrollo Verde (SICA)2 aUnión Europea